000 00874nam a2200265Ia 4500
003 OSt
005 20221005103547.0
006 a|||||r|||| 00| 0
007 ta
008 221004b |||||||| |||| 00| 0 hin d
020 _a9789383468072 (hbk)
024 _a14393
037 _bGift, 12/11/2014,
_cTextual
040 _aCRL
_cCRL
_bhin
041 _2hin
_ahin
082 _aQ4, 152Q4
100 _aकोली, रामजीलाल
245 0 _aबौद्ध धर्म एंव दर्शन
246 _aBauddha dharma eanva darshana
260 _aजयपुर
_bसाहित्यसागर प्रकाशन भारत
_c2014
300 _a87पृृ0
_ccm.
650 _aधर्म
942 _hQ4, 152Q4
_cTEXL
_2cc
999 _c1010289
_d1010289